1042 1964 1628 1049 1417 1040 1358 1316 1568 1889 1025 1906 1830 1393 1178 1247 1813 1030 1773 1261 1408 1521 1810 1814 1893 1210 1954 1837 1186 1036 1778 1586 1494 1030 1696 1457 1594 1871 1816 1783 1387 1626 1109 1123 1694 1660 1443 1060 1863 1203 1383 1663 1638 1381 1217 1161 1157 1945 1250 1562 1227 1415 1467 1606 1568 1888 1469 1928 1083 1561 1474 1905 1509 1898 1917 1704 1681 1813 1596 1479 1228 1113 1917 1805 1351 1301 1088 1456 1054 1357 1814 1114 1180 1644 1347 1940 1489 1273 1094 BCNSPRNW ULIB Ver.6.0+V

เปลี่ยนเป็นภาษาไทย

Change to English
 แสดงรายละเอียดบรรณานุกรม
  กลับหน้าหลัก

Brief Record : Get Marc (ISO 2709) : E-mail record : QR code < ปิดหน้าต่าง
LEADER : 00000nam 2200000uu 4500
001    13399111897
003     ULIB
008    110711s2550||||th 000 0 tha d
020    9789747700732
050  4 DS586^bส319พ 2550
245 00 พระบรมราโชวาทและกระแสพระราชดำรัสของพระบาทสมเด็จพระเจ้าอยู่หัว ภูมิพลอดุลยเดช /^cกองทุนเงินให้กู้ยืมเพื่อการศึกษา
260    กรุงเทพฯ :^bกองทุนเงินให้กู้ยืมเพื่อการศึกษา,^c2550
300    240 หน้า :^bภาพประกอบสี ;^c19 ซม.
500    เนื่องในโอกาสวันสถาปนากองทุนเงินให้กู้ยืมเพื่อการศึกษาครบรอบ 9 ปี พุทธศักราช 2550
600 07 ภูมิพลอดุลยเดช,^cพระบาทสมเด็จพระปรมินทรมหา,^d2470-^xพระบรมราโชวาท
600 07 ภูมิพลอดุลยเดช,^cพระบาทสมเด็จพระปรมินทรมหา,^d2470-^xพระราชดำรัส
710 2  กองทุนเงินให้กู้ยืมเพื่อการศึกษา
945    ^p0^l0^i023323
945    ^p0^l0^i023324
995    ทศพร
999 ^a ใช้งานได้ทุกระบบ
รายการนี้ยังไม่มีแท็ก
คุณยังไม่ได้ล็อกอิน คุณสามารถมีกิจกรรมร่วมกับเว็บไซต์ได้ แต่ต้องล็อกอินก่อน ::
  ล็อกอิน

รายการสื่อสารสนเทศ

ลำดับที่ ประเภท เลขเรียก/บาร์โค้ด สถานที่ สถานะ
- ไม่พบข้อมูล -

BibComment


ยังไม่เคยถูกคอมเมนท์

คอมเมนท์ทรัพยากรรายการนี้
  คอมเมนท์: พระบรมราโชวาทและก..


 Copyright 2026. Bcnsprnw @Library